[Event "VIE-ch (Women)"]
[Site "Hanoi"]
[Date "2024.03.12"]
[Round "3"]
[White "Le, Thanh Tu"]
[Black "Bui, Ngoc Phuong Nghi"]
[Result "1-0"]
[WhiteElo "2098"]
[BlackElo "1731"]
[PlyCount "95"]
[EventDate "2024.03.11"]
[EventType "swiss"]
[EventRounds "9"]
[EventCountry "VIE"]
[SourceTitle "CB13_2024"]
[SourceDate "2024.03.27"]
[SourceVersion "1"]
[SourceVersionDate "2024.03.27"]
[SourceQuality "1"]

1. d4 d5 2. c4 c6 3. Nf3 e6 4. Qc2 Nf6 5. e3 Nbd7 6. Nc3 Bd6 7. Bd3 dxc4 8. Bxc4 b5 9. Be2 Bb7 10. 0-0 0-0 11. Ng5 a6 12. Nce4 Be7 13. Bd2 h6 14. Nxf6+ Nxf6 15. Nf3 b4 16. Rac1 Rc8 17. Qb3 a5 18. Rfd1 c5 19. dxc5 Bd5 20. Bc4 Rxc5 21. Bxd5 Qxd5 22. Qxd5 Rxd5 23. Kf1 Rfd8 24. Ke2 Ne4 25. Be1 Bf6 26. Rxd5 Rxd5 27. Rc2 Nc5 28. Rd2 b3 29. axb3 Rxd2+ 30. Nxd2 Kf8 31. Nc4 Nxb3 32. Kd3 Nc5+ 33. Kc2 Ke7 34. Bxa5 Kd7 35. f3 Kc6 36. Bc3 Bxc3 37. Kxc3 f6 38. b3 g5 39. e4 h5 40. Ne3 Kb5 41. Nc2 Kc6 42. Nd4+ Kd6 43. Kc4 e5 44. Nf5+ Kc6 45. Ne7+ Kd6 46. Nd5 Nd7 47. b4 h4 48. h3 1-0

[Event "Asia zt 3.3 (Women)"]
[Site "Jakarta"]
[Date "2023.05.11"]
[Round "8"]
[White "Le, Thanh Tu"]
[Black "Karenza, Dita"]
[Result "0-1"]
[WhiteElo "2103"]
[BlackElo "2055"]
[PlyCount "109"]
[EventDate "2023.05.06"]
[EventType "swiss"]
[EventRounds "9"]
[EventCountry "INA"]
[SourceTitle "CBM 214 Extra"]
[Source "ChessBase"]
[SourceDate "2023.07.31"]
[SourceVersion "1"]
[SourceVersionDate "2023.07.31"]
[SourceQuality "1"]

1. d4 Nf6 2. c4 e6 3. g3 d5 4. Nf3 Bb4+ 5. Bd2 Be7 6. Bg2 0-0 7. 0-0 dxc4 8. Qc2 b5 9. a4 c6 10. axb5 cxb5 11. Ng5 h6 12. Bxa8 hxg5 13. Bg2 Qxd4 14. Be3 Qe5 15. Bxa7 Nc6 16. Nc3 Nb4 17. Qc1 Bd7 18. Rd1 Bc6 19. Bxc6 Nxc6 20. Qe3 Qf5 21. Qf3 Qxf3 22. exf3 b4 23. Ne2 Nd5 24. Rdc1 Bf6 25. Rxc4 Ne5 26. Rc5 Nxf3+ 27. Kg2 g4 28. h3 Bxb2 29. Rb1 Bf6 30. hxg4 Nd2 31. Rd1 Nb3 32. Rb5 Ra8 33. Bd4 Nxd4 34. Rxd4 Bxd4 35. Nxd4 Rc8 36. g5 g6 37. Rb7 Rc7 38. Rb8+ Kg7 39. Kf3 Rc4 40. Ke4 Ne7 41. Rd8 Nc6 42. Rd6 b3 43. Rxc6 Rxc6 44. Nxb3 Rc2 45. f3 Re2+ 46. Kd3 Re1 47. Nc5 Kf8 48. Ne4 Ke7 49. Kd4 Rd1+ 50. Ke5 Rd3 51. Kf4 e5+ 52. Kg4 Rd4 53. Kh3 Ke6 54. g4 Rxe4 55. fxe4 0-1

[Event "Asia zt 3.3 (Women)"]
[Site "Jakarta"]
[Date "2023.05.08"]
[Round "3"]
[White "Le, Thanh Tu"]
[Black "Sihite, Chelsie Monica"]
[Result "0-1"]
[WhiteElo "2103"]
[BlackElo "2266"]
[PlyCount "68"]
[EventDate "2023.05.06"]
[EventType "swiss"]
[EventRounds "9"]
[EventCountry "INA"]
[SourceTitle "CBM 214 Extra"]
[Source "ChessBase"]
[SourceDate "2023.07.31"]
[SourceVersion "1"]
[SourceVersionDate "2023.07.31"]
[SourceQuality "1"]

1. d4 Nf6 2. c4 e6 3. g3 d5 4. Nf3 Be7 5. Bg2 0-0 6. 0-0 dxc4 7. Qc2 b5 8. Ne5 Qxd4 9. Bxa8 Qxe5 10. Bf3 Nd5 11. Nc3 Nb4 12. Qb1 g5 13. Be3 N4c6 14. Qe4 a6 15. Bg2 Qg7 16. f4 f5 17. Qf3 g4 18. Qf2 Bf6 19. Rac1 Nd4 20. Bxd4 Bxd4 21. e3 Bb6 22. Kh1 Nd7 23. Qe2 Nc5 24. e4 b4 25. Nd1 Nxe4 26. Bxe4 fxe4 27. Rxc4 Bb7 28. Ne3 Rd8 29. Rxb4 Rd3 30. Rb3 h5 31. Ng2 Qd7 32. Rxd3 exd3 33. Qd2 Qd5 34. f5 Be3 0-1

[Event "Hanoi (Women) op 12"]
[Site "Hanoi"]
[Date "2022.??.??"]
[Round "7"]
[White "Hoang, Thi Bao Tram"]
[Black "Le, Thanh Tu"]
[Result "1/2-1/2"]
[WhiteElo "2283"]
[BlackElo "2177"]
[PlyCount "90"]
[EventDate "2022.12.11"]
[EventType "swiss"]
[EventRounds "9"]
[EventCountry "VIE"]
[SourceTitle "CBM 211 Extra"]
[Source "ChessBase"]
[SourceDate "2023.01.31"]
[SourceVersion "1"]
[SourceVersionDate "2023.01.31"]
[SourceQuality "1"]

1. Nf3 c5 2. d3 Nc6 3. g3 g6 4. Bg2 Bg7 5. e4 d6 6. 0-0 Nf6 7. c3 0-0 8. Re1 e5 9. h3 Be6 10. Be3 h6 11. Nbd2 Qd7 12. Kh2 b6 13. c4 Rab8 14. Nf1 b5 15. b3 bxc4 16. bxc4 Rb2 17. Re2 Qb7 18. Bd2 Rb8 19. Bc3 Rb1 20. Rxb1 Qxb1 21. Qxb1 Rxb1 22. Re1 Rb8 23. Ra1 Nb4 24. Ne1 Nd7 25. Bf3 h5 26. Bd1 Bh6 27. Ne3 Nb6 28. a3 Nc6 29. Rb1 Nd7 30. Rxb8+ Ndxb8 31. h4 Kf8 32. Nf3 Nd7 33. Ng5 Nd4 34. Kg2 Ke7 35. Nd5+ Bxd5 36. exd5 f6 37. Bxd4 Bxg5 38. Be3 Bxe3 39. fxe3 f5 40. Kf3 Nb6 41. Bb3 Kf6 42. e4 fxe4+ 43. dxe4 g5 44. Ke3 Kg6 45. Kd3 g4 1/2-1/2

[Event "VIE-ch (Women)"]
[Site "Ho Chi Minh City"]
[Date "2021.03.28"]
[Round "6"]
[White "Le, Thanh Tu"]
[Black "Nguyen, Thi Mai Hung"]
[Result "1-0"]
[WhiteElo "2139"]
[BlackElo "2245"]
[PlyCount "85"]
[EventDate "2021.03.24"]
[EventType "swiss"]
[EventRounds "9"]
[EventCountry "VIE"]
[SourceTitle "EXT 2022"]
[Source "ChessBase"]
[SourceDate "2021.10.06"]
[SourceVersion "1"]
[SourceVersionDate "2021.10.06"]
[SourceQuality "1"]

1. d4 d5 2. c4 c6 3. Nc3 Nf6 4. e3 e6 5. Nf3 Nbd7 6. Qc2 Bd6 7. Bd3 0-0 8. 0-0 Re8 9. Rd1 Qe7 10. h3 h6 11. Bd2 dxc4 12. Bxc4 b5 13. Be2 a6 14. e4 e5 15. a3 Bb7 16. dxe5 Nxe5 17. Nd4 Bb8 18. Nf5 Qc7 19. f4 Ng6 20. Rf1 c5 21. e5 b4 22. Nd6 bxc3 23. Bc4 Nh8 24. Bxc3 Bc6 25. exf6 Qxd6 26. fxg7 Ng6 27. Rad1 Be4 28. Rxd6 Bxc2 29. Rd7 Ne7 30. Re1 Bxf4 31. Rdxe7 Rxe7 32. Rxe7 Bg6 33. Bxa6 Bg5 34. Rc7 Be3+ 35. Kh1 Bd4 36. Rc8+ Rxc8 37. Bxc8 Bc2 38. Bd7 Kxg7 39. a4 Kf6 40. Bc6 Ke5 41. a5 Kd6 42. Bf3 Bxc3 43. a6 1-0

[Event "VIE-ch (Women)"]
[Site "Hanoi"]
[Date "2020.10.08"]
[Round "6"]
[White "Nguyen, Ngoc Thuy Trang"]
[Black "Le, Thanh Tu"]
[Result "1/2-1/2"]
[WhiteElo "1953"]
[BlackElo "2173"]
[PlyCount "121"]
[EventDate "2020.10.05"]
[EventType "swiss"]
[EventRounds "9"]
[EventCountry "VIE"]
[SourceTitle "EXT 2022"]
[Source "ChessBase"]
[SourceDate "2021.10.06"]
[SourceVersion "1"]
[SourceVersionDate "2021.10.06"]
[SourceQuality "1"]

1. d4 c5 2. c3 e6 3. Nf3 Nc6 4. Bf4 cxd4 5. Nxd4 d5 6. e3 a6 7. Nd2 Nf6 8. Be2 Bd6 9. Bxd6 Qxd6 10. 0-0 e5 11. N4b3 0-0 12. c4 Be6 13. cxd5 Bxd5 14. Bc4 Rfd8 15. Qe2 e4 16. Rfd1 Ne5 17. Bxd5 Qxd5 18. Nf1 Nd3 19. Nd4 g6 20. Ng3 Ne5 21. b3 Rac8 22. Rd2 Qa5 23. Rad1 h5 24. f3 exf3 25. gxf3 Re8 26. Qf2 Nc6 27. Nxc6 Rxc6 28. e4 Qg5 29. Qg2 Rc5 30. Nf5 Qf4 31. Qg3 Qxg3+ 32. Nxg3 Rc3 33. Kf2 Kg7 34. Ne2 Rc7 35. Nf4 Rc5 36. Ng2 Rec8 37. Ne3 h4 38. Rd6 Nh5 39. Rd7 R8c7 40. R7d2 Rc1 41. Rxc1 Rxc1 42. Nd5 h3 43. f4 Rh1 44. Kf3 Rg1 45. Ne3 g5 46. fxg5 Rxg5 47. Rd5 Kg6 48. Rxg5+ Kxg5 49. Nf5 f6 50. Nd6 b5 51. b4 Ng7 52. Kg3 Ne6 53. Nb7 Nf4 54. Nc5 Ne2+ 55. Kxh3 Kf4 56. Kg2 Nc3 57. a3 Nb1 58. Nxa6 Nxa3 59. Nc5 Nc2 60. Nd7 Nxb4 61. Nxf6 1/2-1/2

[Event "VIE-ch (Women)"]
[Site "Ho Chi Minh City"]
[Date "2019.05.02"]
[Round "2"]
[White "Le, Thanh Tu"]
[Black "Tran, Le Dan Thuy"]
[Result "1-0"]
[WhiteElo "2223"]
[BlackElo "2005"]
[PlyCount "63"]
[EventDate "2019.05.02"]
[EventType "swiss"]
[EventRounds "9"]
[EventCountry "VIE"]
[SourceTitle "CBM 190 Extra"]
[Source "ChessBase"]
[SourceDate "2019.07.15"]
[SourceVersion "1"]
[SourceVersionDate "2019.07.15"]
[SourceQuality "1"]

1. d4 d5 2. c4 e6 3. Nf3 Nf6 4. g3 Bb4+ 5. Bd2 Bxd2+ 6. Nbxd2 c6 7. Bg2 Nbd7 8. 0-0 Ne4 9. Nxe4 dxe4 10. Ne1 f5 11. f3 exf3 12. exf3 Qb6 13. b3 e5 14. Nc2 0-0 15. Re1 Rd8 16. b4 exd4 17. c5 Nxc5 18. bxc5 Qxc5 19. Qd3 Qd6 20. Qc4+ Kf8 21. Rad1 c5 22. f4 Rb8 23. Re5 b6 24. Ne1 g6 25. Nf3 Rb7 26. Ng5 Rc7 27. Rde1 d3 28. Rd5 d2 29. Rd1 Qe7 30. Qc3 Kg8 31. Rxd8+ Qxd8 32. Rxd2 1-0

[Event "VIE-ch (Women)"]
[Site "Ho Chi Minh City"]
[Date "2019.05.02"]
[Round "1"]
[White "Tran, Phan Bao Khanh"]
[Black "Le, Thanh Tu"]
[Result "0-1"]
[WhiteElo "1822"]
[BlackElo "2223"]
[PlyCount "92"]
[EventDate "2019.05.02"]
[EventType "swiss"]
[EventRounds "9"]
[EventCountry "VIE"]
[SourceTitle "CBM 190 Extra"]
[Source "ChessBase"]
[SourceDate "2019.07.15"]
[SourceVersion "1"]
[SourceVersionDate "2019.07.15"]
[SourceQuality "1"]

1. d4 c5 2. d5 Nf6 3. c4 e6 4. Nc3 exd5 5. cxd5 d6 6. g3 g6 7. Bg2 Bg7 8. Nf3 0-0 9. 0-0 a6 10. a4 Re8 11. Bf4 Qc7 12. Nd2 Nh5 13. Be3 Nd7 14. Nc4 Ne5 15. Nxe5 Rxe5 16. Qd2 Bd7 17. Bh6 Bh8 18. e4 Ree8 19. a5 Rab8 20. b3 b6 21. axb6 Rxb6 22. Ra3 Reb8 23. Rc1 Qc8 24. Bf1 Nf6 25. Qa2 Ng4 26. Bd2 Bd4 27. Be1 Ne5 28. Ne2 Nf3+ 29. Kh1 Bg7 30. Ba5 Bh3 31. b4 Bxf1 32. Rxf1 Qh3 33. Rxf3 Qxf1+ 34. Ng1 Rxb4 35. Bxb4 Rxb4 36. g4 Rb1 37. Rg3 Be5 38. Rg2 Rb2 39. Qa3 Rxf2 40. Qh3 a5 41. g5 a4 42. Rxf2 Qxf2 43. Nf3 Qe3 44. Qc8+ Kg7 45. Nxe5 Qxe4+ 46. Kg1 Qxe5 0-1

[Event "Eastern Asia-ch zt 3.3 (Women)"]
[Site "Ulaanbaatar"]
[Date "2019.04.12"]
[Round "6"]
[White "Nguyen, Thi Mai Hung"]
[Black "Le, Thanh Tu"]
[Result "1/2-1/2"]
[WhiteElo "2281"]
[BlackElo "2220"]
[PlyCount "68"]
[EventDate "2019.04.07"]
[EventType "swiss"]
[EventRounds "9"]
[EventCountry "MGL"]
[SourceTitle "CBM 189 Extra"]
[Source "ChessBase"]
[SourceDate "2019.06.03"]
[SourceVersion "1"]
[SourceVersionDate "2019.06.03"]
[SourceQuality "1"]

1. d4 c5 2. d5 Nf6 3. c4 e6 4. Nc3 exd5 5. cxd5 d6 6. Nf3 g6 7. g3 Bg7 8. Bg2 0-0 9. 0-0 a6 10. a4 Re8 11. Re1 Nbd7 12. e4 Qc7 13. h3 Rb8 14. Bf1 c4 15. a5 Nc5 16. e5 dxe5 17. d6 Qd8 18. Nxe5 Nh5 19. Nxc4 Rxe1 20. Qxe1 Nb3 21. Ra3 Nxc1 22. Qxc1 Be6 23. Qd2 Nf6 24. Ra4 Bf8 25. Bg2 b5 26. axb6 Bxc4 27. Rxc4 Rxb6 28. Rd4 Rxd6 29. Rxd6 Qxd6 30. Nd5 Nxd5 31. Bxd5 Qf6 32. b3 Bc5 33. Kg2 a5 34. Qe2 Kg7 1/2-1/2

[Event "VIE-chB (Women)"]
[Site "Ba Dinh"]
[Date "2018.12.02"]
[Round "7"]
[White "Le, Thanh Tu"]
[Black "Doan, Thi Van Anh"]
[Result "0-1"]
[WhiteElo "2220"]
[BlackElo "1950"]
[PlyCount "50"]
[EventDate "2018.11.28"]
[EventType "swiss"]
[EventRounds "9"]
[EventCountry "VIE"]
[SourceTitle "EXT 2021"]
[Source "ChessBase"]
[SourceDate "2020.10.23"]
[SourceVersion "1"]
[SourceVersionDate "2020.10.23"]
[SourceQuality "1"]

1. d4 Nf6 2. c4 e6 3. Nf3 d5 4. g3 Bb4+ 5. Nbd2 0-0 6. Bg2 dxc4 7. 0-0 c3 8. Nc4 cxb2 9. Bxb2 c6 10. Qb3 Be7 11. Rac1 Nbd7 12. Rfd1 Nb6 13. Nxb6 axb6 14. Ne5 b5 15. Nxc6 bxc6 16. Bxc6 Rb8 17. d5 exd5 18. e4 Be6 19. exd5 Bg4 20. f3 Bh3 21. d6 Bxd6 22. Be5 Qb6+ 23. Bd4 Qc7 24. Bxf6 gxf6 25. Qd5 Qb6+ 0-1

[Event "VIE-chB (Women)"]
[Site "Ba Dinh"]
[Date "2018.12.01"]
[Round "6"]
[White "Nguyen, Hong Anh"]
[Black "Le, Thanh Tu"]
[Result "0-1"]
[WhiteElo "1880"]
[BlackElo "2220"]
[PlyCount "60"]
[EventDate "2018.11.28"]
[EventType "swiss"]
[EventRounds "9"]
[EventCountry "VIE"]
[SourceTitle "EXT 2021"]
[Source "ChessBase"]
[SourceDate "2020.10.23"]
[SourceVersion "1"]
[SourceVersionDate "2020.10.23"]
[SourceQuality "1"]

1. Nf3 Nf6 2. c4 c5 3. d4 cxd4 4. Nxd4 Nc6 5. Nc3 g6 6. e4 d6 7. Be2 Bg7 8. Be3 0-0 9. 0-0 a6 10. Rc1 Nxd4 11. Bxd4 Be6 12. b3 Nd7 13. Be3 Nc5 14. f3 Qa5 15. Qd2 Rfc8 16. Nd5 Qxd2 17. Bxd2 Bxd5 18. exd5 Bd4+ 19. Kh1 b6 20. Rfd1 Bf6 21. Be3 a5 22. Kg1 Rcb8 23. Rb1 Ra7 24. Bxc5 bxc5 25. a4 Rab7 26. Rd3 Rb4 27. Kf1 Rxa4 28. Rc1 Ra3 29. Bd1 a4 30. Rb1 Ra2 0-1

[Event "VIE-chB (Women)"]
[Site "Ba Dinh"]
[Date "2018.11.28"]
[Round "1"]
[White "Le, Thanh Tu"]
[Black "Nguyen, Thi Thao Linh"]
[Result "1-0"]
[WhiteElo "2220"]
[BlackElo "1836"]
[PlyCount "109"]
[EventDate "2018.11.28"]
[EventType "swiss"]
[EventRounds "9"]
[EventCountry "VIE"]
[SourceTitle "EXT 2021"]
[Source "ChessBase"]
[SourceDate "2020.10.23"]
[SourceVersion "1"]
[SourceVersionDate "2020.10.23"]
[SourceQuality "1"]

1. d4 Nf6 2. c4 e6 3. g3 d5 4. Nf3 Bb4+ 5. Bd2 Be7 6. Bg2 0-0 7. 0-0 c6 8. Qb3 Nbd7 9. Bf4 Nb6 10. Nbd2 Re8 11. Rfd1 dxc4 12. Nxc4 Nfd5 13. Bd2 Nxc4 14. Qxc4 Nb6 15. Qc2 f6 16. e4 Kh8 17. Rac1 Bf8 18. Be3 Qe7 19. h3 Qf7 20. a3 Bd7 21. Kh2 Rad8 22. Rd2 Rc8 23. Qb3 Qh5 24. Qd1 Qa5 25. Ne1 Qb5 26. Qc2 Na8 27. Nd3 e5 28. dxe5 fxe5 29. Nxe5 Be6 30. f4 Nb6 31. Bf1 Qa5 32. Rd4 Rcd8 33. Rxd8 Rxd8 34. Rd1 Rxd1 35. Qxd1 Na4 36. b4 Nc3 37. Qc1 Bxb4 38. axb4 Qxb4 39. Bd2 Na2 40. Bxb4 Nxc1 41. Bc4 Bxc4 42. Nxc4 Nd3 43. Bd2 b5 44. Na5 c5 45. Kg2 Kg8 46. Kf3 Nb2 47. e5 Nd3 48. Ke3 c4 49. Kd4 Kf7 50. Nc6 a6 51. Nb4 Nf2 52. Nxa6 Nxh3 53. Nc7 Ng1 54. Ke3 Nh3 55. Bb4 1-0

[Event "Ho Chi Minh City HD Bank op 7th"]
[Site "Ho Chi Minh City"]
[Date "2017.03.14"]
[Round "5"]
[White "Tran, Le Dan Thuy"]
[Black "Le, Thanh Tu"]
[Result "1-0"]
[WhiteElo "2028"]
[BlackElo "2271"]
[PlyCount "41"]
[EventDate "2017.03.12"]
[EventType "swiss"]
[EventRounds "9"]
[EventCountry "VIE"]
[SourceTitle "CBM 177 Extra"]
[Source "ChessBase"]
[SourceDate "2017.04.27"]
[SourceVersion "1"]
[SourceVersionDate "2017.04.27"]
[SourceQuality "1"]

1. e4 c5 2. Nf3 Nc6 3. d4 cxd4 4. Nxd4 Qb6 5. Nb3 Nf6 6. Nc3 e6 7. a3 Be7 8. Be3 Qc7 9. f4 d6 10. Be2 a6 11. 0-0 0-0 12. Qe1 b5 13. Qg3 Bb7 14. Bf3 e5 15. f5 Kh8 16. Nd5 Nxd5 17. exd5 Nb8 18. f6 Bxf6 19. Be4 Qd8 20. Rxf6 g6 21. Raf1 1-0

[Event "Tagaytay City zt 3.3 (Women)"]
[Site "Tagaytay City"]
[Date "2017.03.02"]
[Round "6"]
[White "Le, Thanh Tu"]
[Black "Luong, Phuong Hanh"]
[Result "0-1"]
[WhiteElo "2271"]
[BlackElo "2148"]
[PlyCount "150"]
[EventDate "2017.02.25"]
[EventType "swiss"]
[EventRounds "9"]
[EventCountry "PHI"]
[SourceTitle "CBM 177 Extra"]
[Source "ChessBase"]
[SourceDate "2017.04.27"]
[SourceVersion "1"]
[SourceVersionDate "2017.04.27"]
[SourceQuality "1"]

1. Nf3 Nf6 2. g3 g6 3. Bg2 Bg7 4. 0-0 0-0 5. d4 c6 6. c4 d5 7. cxd5 cxd5 8. Nc3 Nc6 9. Ne5 Be6 10. Nxc6 bxc6 11. Na4 Nd7 12. Be3 Rb8 13. Rc1 Nb6 14. Nxb6 Qxb6 15. b3 Qa6 16. Qd2 Bd7 17. Bf4 Rb5 18. h3 Qb6 19. Rfd1 Rb4 20. Be3 a5 21. Qc3 a4 22. bxa4 Ra8 23. Rd2 Raxa4 24. Rcd1 Rc4 25. Qb3 Rab4 26. Qa3 Bf8 27. Rd3 Ra4 28. Qb3 Rcb4 29. Qc3 Rxa2 30. Qe1 Bf5 31. R3d2 Raa4 32. g4 Bd7 33. f4 Bg7 34. Qf2 Rb3 35. Rd3 Raa3 36. Kh2 Rxd3 37. Rxd3 Rxd3 38. exd3 Qb3 39. Bf1 e6 40. Qd2 Qb1 41. Kg2 Qb6 42. Qc3 Bf8 43. g5 Bc8 44. Be2 Ba6 45. Qa1 Bb5 46. h4 Qa6 47. Qb1 Qa3 48. Qc2 Qa4 49. Qxa4 Bxa4 50. h5 Bb4 51. hxg6 hxg6 52. Kf3 Kf8 53. Bc1 Ke7 54. Ke3 Kd7 55. Bd2 Bf8 56. Ba5 Kc8 57. Bb6 Ba3 58. Bc5 Bc1+ 59. Kf3 Bd2 60. Bd6 Kb7 61. Bf1 Bd1+ 62. Be2 Bc2 63. Bf1 Ka6 64. Ke2 Bc1 65. Kf3 Kb5 66. f5 exf5 67. Bf4 Bd1+ 68. Kg3 Bxf4+ 69. Kxf4 Kb4 70. Ke5 Kc3 71. Kf6 Kxd4 72. Kxf7 Bh5 73. Kg7 c5 74. Kh6 c4 75. dxc4 dxc4 0-1

[Event "Tagaytay City zt 3.3 (Women)"]
[Site "Tagaytay City"]
[Date "2017.02.26"]
[Round "2"]
[White "Le, Thanh Tu"]
[Black "Frayna, Janelle Mae"]
[Result "1/2-1/2"]
[WhiteElo "2271"]
[BlackElo "2325"]
[PlyCount "70"]
[EventDate "2017.02.25"]
[EventType "swiss"]
[EventRounds "9"]
[EventCountry "PHI"]
[SourceTitle "CBM 177 Extra"]
[Source "ChessBase"]
[SourceDate "2017.04.27"]
[SourceVersion "1"]
[SourceVersionDate "2017.04.27"]
[SourceQuality "1"]

1. d4 Nf6 2. c4 g6 3. Nc3 Bg7 4. e4 0-0 5. Nf3 d6 6. h3 e5 7. d5 Nh5 8. g3 Na6 9. Be2 f5 10. exf5 gxf5 11. Ng5 Nf6 12. Be3 Qe7 13. Qd2 Bd7 14. 0-0-0 h6 15. Nf3 Nc5 16. Bxh6 Nce4 17. Nxe4 Nxe4 18. Bg5 Qe8 19. Qe1 b5 20. Be3 bxc4 21. Bxc4 a5 22. h4 Ba4 23. h5 Bxd1 24. Qxd1 a4 25. a3 Rb8 26. Nh4 f4 27. gxf4 Rxf4 28. Rg1 Ng3 29. Rxg3 Rxc4+ 30. Kb1 Qb5 31. Rxg7+ Kxg7 32. Qg1+ Kh8 33. Ng6+ Kh7 34. Nf8+ Kh8 35. Ng6+ Kh7 1/2-1/2